Movies Quiz

Random Movies or Clickable Quiz
Score 0/25 Timer 09:00
0 Plays Today
% Correct
Erin Brockovich
88.9%
Ghostbusters II
87.6%
The Day After Tomorrow
86.6%
Alien
86.2%
Beauty and the Beast
85.6%
Good Will Hunting
85.3%
Forrest Gump
84.2%
Big
83.5%
Dumb & Dumber
83.3%
Spider-Man
82.9%
The Dark Knight
82.8%
Ferris Bueller's Day Off
82.5%
Men in Black
81.7%
% Correct
The Hunger Games
80.9%
Fight Club
79.4%
The Matrix
78.9%
Mad Max: Fury Road
78.8%
Superman
78.1%
Shutter Island
77.3%
The Departed
77%
Up
76.8%
Se7en
72.3%
Memento
71.4%
Hannibal
66.5%
No Country for Old Men
61.8%
Remove Ads.
Support Sporcle.
Get the best of Sporcle when you Go Orange. This ad-free experience offers more features, more stats, and more fun while also helping to support Sporcle. Thank you for becoming a member.

You're not logged in!

Compare scores with friends on all Sporcle quizzes.
OR
Log In

Show Comments

Extras

Top Quizzes Today


Score Distribution

Your Account Isn't Verified!

In order to create a playlist on Sporcle, you need to verify the email address you used during registration. Go to your Sporcle Settings to finish the process.

Report this User

Report this user for behavior that violates our Community Guidelines.

Details: